Kiểm tra việc gia công máy và gia công nguội

Bewaard in:
Bibliografische gegevens
Formaat: Boek
Taal:Vietnamese
Gepubliceerd in: Văn hóa Minh Trí 2006
Onderwerpen:
Tags: Voeg label toe
Geen labels, Wees de eerste die dit record labelt!
Thư viện lưu trữ: Mạng thư viện Đại học Đà Nẵng
LEADER 01053nam a2200313 a 4500
001 000003324
003 03470
005 20171229145311.0
008 171229s2006 vie
040 |a LSK 
041 0 |a VIE 
082 0 |a 670.425  |b MA-A 
245 0 0 |a Kiểm tra việc gia công máy và gia công nguội  |c A. M. Makhanco; Biên dịch: Võ Trần Khúc Nhã 
260 |b Văn hóa Minh Trí  |c 2006 
300 |a 342 pages  |c 19 cm. 
653 |a Gia công máy - Kiểm tra 
653 |a Gia công nguội - Kiểm tra 
852 |a Phòng Đọc 
901 |a 1 
927 |a Sách tham khảo 
OWN |a LSK 
AVA |a UDN50  |b LSK  |d 670.425 MA-A  |e available  |t Error 5001 Not defined in file expand_doc_bib_avail.  |f 1  |g 0  |h N  |i 0  |k 1 
999 |a From the UDN01 
AVA |a UDN50  |b LSK  |d 670.425 MA-A  |e available  |t Error 5001 Not defined in file expand_doc_bib_avail.  |f 1  |g 0  |h N  |i 0  |k 1 
TYP |a Monograph 
TYP |a Printed language 
980 |a Mạng thư viện Đại học Đà Nẵng